| 000 | 00637nam a2200181 a 4500 | ||
|---|---|---|---|
| 005 | 20210223120555.0 | ||
| 008 | 991125s1995 mx 000 0 spa u | ||
| 035 | _aUPN01000003407 | ||
| 049 | _aCG | ||
| 050 | 4 |
_aLE7.2731 CH2 _bU5.2 1994 |
|
| 110 | 2 |
_aUniversidad Autónoma de Chiapas. _bDirección General de Planeación |
|
| 245 | 1 | 0 |
_aAnuario estadístico 1993-1994 / _cUniversidad Autónoma de Chiapas, Dirección General de Planeación. |
| 260 |
_aTuxtla Gutiérrez : _bUNACH, _c1995. |
||
| 300 |
_a195 p. : _bil. |
||
| 610 | 2 | 4 | _aUNIVERSIDAD AUTONOMA DE CHIAPAS |
| 650 | 4 |
_aEDUCACION SUPERIOR - _vESTADISTICA _916567 |
|
| 905 | _aLibro | ||
| 999 |
_c3407 _d3407 |
||